| 000 | 00488nam a2200181Ia 4500 | ||
|---|---|---|---|
| 005 | 20250326123810.0 | ||
| 008 | 250326s9999 xx 000 0 und d | ||
| 037 | _aTextbook | ||
| 040 |
_aFMSL _beng _cFMSL |
||
| 041 |
_aeng _2eng |
||
| 084 |
_aS:6 K4 _qFMSL |
||
| 100 |
_aMurray E J _985713 |
||
| 245 | 0 |
_aMotivation and emotion _cMurray E J |
|
| 260 |
_aNew Jersey _bNew Jersey, Prentice-Hall _c1964 |
||
| 300 | _a118p | ||
| 942 |
_cTB _hS:6 K4 |
||
| 999 |
_c1271007 _d1271007 |
||